[Event "14. Lichtenberger Sommer"]
[Site "14. Lichtenberger Sommer"]
[Date "2015.08.18"]
[Round "4.36"]
[White "Pluska, Alexander"]
[Black "Große-Honebrink, Brigitte"]
[Result "1-0"]
[WhiteElo "2030"]
[BlackElo "1887"]
[PlyCount "85"]
[EventDate "2015.??.??"]
[WhiteTeam "SK Doppelbauer Kiel"]
[BlackTeam "SC Kreuzberg"]

1. d4 Nf6 2. Bg5 e6 3. Nd2 d5 4. Ngf3 Be7 5. e3 Nbd7 6. Bd3 O-O 7. Qe2 c6 8.
Ne5 Nxe5 9. dxe5 Nd7 10. Bxe7 Qxe7 11. f4 Nc5 12. O-O-O Nxd3+ 13. Qxd3 c5 14.
c3 c4 15. Qc2 b5 16. Nf3 h6 17. g4 b4 18. g5 bxc3 19. Qxc3 h5 20. g6 fxg6 21.
Rhg1 Rb8 22. Rxg6 Qb4 23. Qxb4 Rxb4 24. Rdg1 Rf7 25. Nd4 Rb6 26. R6g5 Rfb7 27.
R1g2 a5 28. Rxh5 a4 29. Rhg5 a3 30. b3 cxb3 31. axb3 Ra7 32. Kb1 Ba6 33. Ka2
Bd3 34. Rg1 Rba6 35. Rc1 Kh7 36. Rc8 Rb6 37. Rh5+ Kg6 38. Rhh8 Bf5 39. h4 Bg4
40. Rc1 Bf5 41. Rcc8 Bg4 42. h5+ Bxh5 43. Rc1 1-0

[Event "14. Lichtenberger Sommer"]
[Site "14. Lichtenberger Sommer"]
[Date "2015.08.18"]
[Round "4.37"]
[White "Landt, Stefan"]
[Black "Wörz, Markus"]
[Result "0-1"]
[WhiteElo "1903"]
[BlackElo "2065"]
[PlyCount "104"]
[EventDate "2015.??.??"]
[WhiteTeam "SV Berolina Mitte"]
[BlackTeam "SC Kreuzberg"]

1. d4 Nf6 2. c4 e6 3. Nc3 Bb4 4. Qc2 O-O 5. a3 Bxc3+ 6. Qxc3 b6 7. Bg5 h6 8.
Bh4 Bb7 9. e3 d6 10. f3 Nbd7 11. Bd3 Rc8 12. Ne2 c5 13. O-O cxd4 14. exd4 d5
15. b3 Qe7 16. Qb4 Qd8 17. Rac1 dxc4 18. bxc4 Qc7 19. Nc3 Qf4 20. Bf2 Qg5 21.
Ne4 Nxe4 22. fxe4 Nf6 23. Rce1 Qg6 24. Qb1 Nh5 25. Be3 f5 26. d5 f4 27. Bf2 f3
28. g3 Nf4 29. Bc2 Rxc4 30. dxe6 Qxe6 31. Kh1 Qh3 32. Rg1 Rxc2 33. Qxc2 Ne2 34.
Rxe2 fxe2 35. Qc4+ Kh8 36. Qxe2 Rxf2 37. Qxf2 Bxe4+ 38. Rg2 Qxg2+ 39. Qxg2
Bxg2+ 40. Kxg2 b5 41. Kf3 a5 42. Ke4 Kh7 43. Kd4 Kg6 44. Kc5 b4 45. axb4 axb4
46. Kxb4 Kf5 47. Kc3 Kg4 48. Kd4 Kh3 49. Ke4 Kxh2 50. Kf4 Kh3 51. Kf3 g5 52.
Kf2 g4 0-1

[Event "14. Lichtenberger Sommer"]
[Site "14. Lichtenberger Sommer"]
[Date "2015.08.18"]
[Round "4.38"]
[White "Schleicher, Janek"]
[Black "Donath, Johann"]
[Result "0-1"]
[WhiteElo "2029"]
[BlackElo "2060"]
[PlyCount "40"]
[EventDate "2015.??.??"]
[WhiteTeam "SV Bürgel"]
[BlackTeam "BSV 63 Chemie Weißensee"]

1. e4 e5 2. Nf3 Nc6 3. Bc4 Bc5 4. b4 Bxb4 5. c3 Be7 6. d4 exd4 7. Qb3 Na5 8.
Bxf7+ Kf8 9. Qa4 Kxf7 10. Qxa5 d5 11. O-O dxe4 12. Nxd4 Nf6 13. f3 c5 14. Qxd8
Rxd8 15. fxe4 cxd4 16. e5 Kg8 17. exf6 Bxf6 18. Bb2 d3 19. Nd2 Bg4 20. Nf3 Rac8
0-1

[Event "14. Lichtenberger Sommer"]
[Site "14. Lichtenberger Sommer"]
[Date "2015.08.18"]
[Round "4.39"]
[White "Segerberg, Tomas"]
[Black "Baranowsky, Peter"]
[Result "1/2-1/2"]
[WhiteElo "2073"]
[BlackElo "1972"]
[PlyCount "124"]
[EventDate "2015.??.??"]
[WhiteTeam "Narva Berlin"]
[BlackTeam "SF 1903 Berlin"]

1. c4 e5 2. Nc3 Nf6 3. Nf3 Nc6 4. a3 d5 5. cxd5 Nxd5 6. Qc2 Be6 7. e3 Be7 8. b4
f6 9. Bb2 Nxc3 10. dxc3 O-O 11. Rd1 Qe8 12. Be2 Qf7 13. c4 Rad8 14. O-O a6 15.
Rxd8 Rxd8 16. Rc1 Nb8 17. c5 Bb3 18. Qc3 Qd5 19. h3 Kh8 20. Re1 c6 21. Bc1 Qf7
22. Nd2 Be6 23. Kf1 Nd7 24. Bc4 Nf8 25. Bxe6 Qxe6 26. Nc4 Qd5 27. Na5 Rd7 28.
e4 Qe6 29. Be3 Bd8 30. Nc4 Bc7 31. f3 Qe7 32. Ke2 Ne6 33. Rd1 Kg8 34. Rxd7 Qxd7
35. Qd3 Qd8 36. Qxd8+ Nxd8 37. Kd3 Kf7 38. a4 Ke6 39. Na3 Kd7 40. Kc4 Ne6 41.
b5 axb5+ 42. axb5 cxb5+ 43. Nxb5 Bb8 44. Kd5 Nc7+ 45. Nxc7 Bxc7 46. Bd2 h5 47.
g4 hxg4 48. fxg4 g5 49. Be1 Bd8 50. h4 gxh4 51. Bxh4 Be7 52. Be1 Bd8 53. Bd2
Be7 54. Bh6 Bd8 55. Be3 Be7 56. g5 fxg5 57. Kxe5 g4 58. Bf2 Kc6 59. Kf5 Bxc5
60. Be1 b5 61. Kxg4 b4 62. Bxb4 Bxb4 1/2-1/2

[Event "14. Lichtenberger Sommer"]
[Site "14. Lichtenberger Sommer"]
[Date "2015.08.18"]
[Round "4.40"]
[White "Kreutzmann, Duke"]
[Black "Schäfer, Heiko"]
[Result "1-0"]
[WhiteElo "1835"]
[BlackElo "2085"]
[PlyCount "101"]
[EventDate "2015.??.??"]
[WhiteTeam "Düsseldorfer SK"]
[BlackTeam "Potsdamer SV"]

1. c4 e6 2. Nc3 Nf6 3. e4 c5 4. e5 Ng8 5. Nf3 Nc6 6. Be2 d6 7. exd6 Qxd6 8. O-O
e5 9. Re1 g6 10. Ng5 Qd8 11. d3 h6 12. Nf3 Bg7 13. Bf1 Nge7 14. a3 O-O 15. Rb1
a5 16. h3 b6 17. g3 Ra7 18. Bg2 Rd7 19. Bf1 Bb7 20. b3 Nf5 21. Nd5 Ncd4 22.
Nxd4 Nxd4 23. Bg2 Re8 24. Bd2 Nf5 25. Bc3 Bxd5 26. Bxd5 Ne7 27. Bg2 Rxd3 28.
Qc2 Nf5 29. Be4 Rxc3 30. Qxc3 Nd4 31. Bd5 Qd7 32. Kg2 Kh7 33. Qd2 f5 34. Red1
e4 35. Qe3 Nf3 36. Qe2 Bd4 37. Qc2 Qe7 38. Qc1 g5 39. Qc2 Qe5 40. b4 axb4 41.
axb4 h5 42. bxc5 Bxc5 43. Bf7 Re7 44. Rd5 Qf6 45. Bxh5 Nd4 46. Qa2 f4 47. Rf1
e3 48. fxe3 Rxe3 49. Qb1+ Kh6 50. gxf4 Kxh5 51. Qh7+ 1-0

[Event "14. Lichtenberger Sommer"]
[Site "14. Lichtenberger Sommer"]
[Date "2015.08.18"]
[Round "4.41"]
[White "Wirth, Heinz"]
[Black "Casny, Guenter"]
[Result "1/2-1/2"]
[WhiteElo "2021"]
[BlackElo "1838"]
[PlyCount "121"]
[EventDate "2015.??.??"]
[WhiteTeam "SC Weisse Dame (Berlin)"]
[BlackTeam "SC Rochade (Berlin)"]

1. e4 d6 2. d4 g6 3. Nc3 Bg7 4. Bg5 Nd7 5. Qd2 a6 6. f4 c5 7. Nf3 h6 8. Bh4
cxd4 9. Nxd4 Qb6 10. Bf2 Qd8 11. Bc4 Ngf6 12. Qe2 Nb6 13. Bb3 Bg4 14. Nf3 O-O
15. O-O Qc7 16. Qd3 Bxf3 17. Qxf3 Nc4 18. Bxc4 Qxc4 19. Rad1 b5 20. a3 Rac8 21.
Rd2 Rfe8 22. Bd4 Qc6 23. Qe2 Qc4 24. Qf3 Qc6 25. h4 e6 26. Rfd1 e5 27. fxe5
dxe5 28. Be3 Re6 29. Nd5 Rce8 30. Rf2 Qb7 31. Rdf1 Nxd5 32. exd5 Rf6 33. Qd1
Rxf2 34. Rxf2 f5 35. d6 Rd8 36. Bc5 Qc6 37. b4 e4 38. h5 Kh7 39. hxg6+ Kxg6 40.
g4 f4 41. Rxf4 Be5 42. Rf5 Bxd6 43. Qe2 Bxc5+ 44. Rxc5 Qe6 45. c4 Rd3 46. cxb5
axb5 47. a4 bxa4 48. b5 Rg3+ 49. Kh2 Qxg4 50. Qxg4+ Rxg4 51. Re5 a3 52. b6 a2
53. Ra5 e3 54. Rxa2 Rb4 55. Re2 Rb3 56. b7 Rxb7 57. Rxe3 Rb5 58. Kg3 Kg5 59.
Ra3 h5 60. Rc3 h4+ 61. Kh3 1/2-1/2

[Event "14. Lichtenberger Sommer"]
[Site "14. Lichtenberger Sommer"]
[Date "2015.08.18"]
[Round "4.42"]
[White "Nabel, Matthias"]
[Black "Hoffmann, Andreas"]
[Result "1/2-1/2"]
[WhiteElo "1802"]
[BlackElo "2015"]
[PlyCount "73"]
[EventDate "2015.??.??"]
[WhiteTeam "SV Motor Wildau"]
[BlackTeam "Thales (FV Schach)"]

1. Nf3 f5 2. c4 Nf6 3. Nc3 e6 4. g3 d6 5. Bg2 Be7 6. O-O O-O 7. d3 Nc6 8. b3 e5
9. e3 Kh8 10. Ne1 Qe8 11. Bb2 Be6 12. Rc1 Rd8 13. Nd5 Rd7 14. Nxe7 Qxe7 15. d4
Bg8 16. d5 Nd8 17. Nd3 h6 18. Qe2 Bf7 19. f3 Bh5 20. Qf2 g5 21. f4 gxf4 22.
exf4 e4 23. Ne5 dxe5 24. fxe5 Ng4 25. Qf4 Kh7 26. h3 Qc5+ 27. Kh1 Ne3 28. e6
Nxg2 29. Kxg2 Bf3+ 30. Kh2 Nxe6 31. dxe6 Re7 32. Qe5 Qc6 33. Rce1 Qd6 34. Qxd6
cxd6 35. Ba3 Rf6 36. Bxd6 Rexe6 37. c5 1/2-1/2

[Event "14. Lichtenberger Sommer"]
[Site "14. Lichtenberger Sommer"]
[Date "2015.08.18"]
[Round "4.43"]
[White "Schmalzried, Volker"]
[Black "Niechotz, Christopher"]
[Result "1-0"]
[WhiteElo "1881"]
[BlackElo "2120"]
[PlyCount "83"]
[EventDate "2015.??.??"]
[WhiteTeam "vereinslos"]
[BlackTeam "SC Kreuzberg"]

1. c4 e5 2. Nc3 Nc6 3. g3 f5 4. Bg2 Nf6 5. e3 d5 6. cxd5 Nb4 7. d3 Nbxd5 8.
Nge2 Nxc3 9. bxc3 Bd6 10. O-O O-O 11. d4 c6 12. Qb3+ Kh8 13. Ba3 Bxa3 14. Qxa3
e4 15. c4 Be6 16. Qb4 Qb6 17. Qa4 Qc7 18. Rfd1 Rfd8 19. Rd2 Qf7 20. Rc1 b5 21.
cxb5 cxb5 22. Qxb5 Bxa2 23. Qxf5 Be6 24. Qf4 Rac8 25. Rdc2 Rxc2 26. Rxc2 Qh5
27. Bxe4 Nxe4 28. Qxe4 Bd5 29. Rc5 Qf7 30. Qf4 Qb7 31. Qc7 Qa8 32. Nf4 Bf3 33.
Ne6 Rg8 34. Ng5 h6 35. Nxf3 Qxf3 36. Qc6 Qd1+ 37. Kg2 Rf8 38. Rc2 a5 39. Ra2 a4
40. Qxa4 Qf3+ 41. Kg1 h5 42. h4 1-0

[Event "14. Lichtenberger Sommer"]
[Site "14. Lichtenberger Sommer"]
[Date "2015.08.18"]
[Round "4.44"]
[White "Birkestrand, Odd"]
[Black "Kupfer, Michael"]
[Result "0-1"]
[WhiteElo "1789"]
[BlackElo "2065"]
[PlyCount "66"]
[EventDate "2015.??.??"]
[WhiteTeam "Masfjorden Sjakklubb"]
[BlackTeam "SC Friesen Lichtenberg"]

1. e4 Nf6 2. Nc3 d6 3. d4 e5 4. dxe5 dxe5 5. Qxd8+ Kxd8 6. Bg5 Be6 7. Bxf6+
gxf6 8. O-O-O+ Kc8 9. g3 Bc5 10. f3 c6 11. Bh3 Kc7 12. Bxe6 fxe6 13. Nge2 Nd7
14. Rd3 h5 15. Na4 Be7 16. Rhd1 Rad8 17. a3 b5 18. Nac3 Nc5 19. Rxd8 Bxd8 20.
b4 Nb7 21. Na2 Nd6 22. Kb2 Be7 23. Kb3 Nc4 24. Nac1 a5 25. Nc3 h4 26. g4 Nxa3
27. Kxa3 axb4+ 28. Kb3 bxc3 29. Kxc3 Ra8 30. h3 c5 31. Nb3 c4 32. Nd2 Ra3+ 33.
Kb2 c3+ 0-1

[Event "14. Lichtenberger Sommer"]
[Site "14. Lichtenberger Sommer"]
[Date "2015.08.18"]
[Round "4.45"]
[White "Glasser, Timon"]
[Black "Schmidt, Markus"]
[Result "0-1"]
[WhiteElo "1720"]
[BlackElo "2108"]
[PlyCount "62"]
[EventDate "2015.??.??"]
[WhiteTeam "La Diagonale - Eybens"]
[BlackTeam "SK Turm Bad Hersfeld"]

1. Nf3 Nf6 2. c4 g6 3. Nc3 Bg7 4. d4 O-O 5. e3 d6 6. Bd3 Nbd7 7. O-O e5 8. Qc2
Re8 9. dxe5 Nxe5 10. Nxe5 Rxe5 11. e4 Re8 12. b3 Nd7 13. Bb2 c6 14. Ne2 Ne5 15.
Rab1 d5 16. Rfd1 Qh4 17. Bxe5 Bxe5 18. g3 Qf6 19. exd5 cxd5 20. cxd5 Bh3 21.
Be4 Bd6 22. Qd3 Qe5 23. f3 f5 24. Nc3 Rac8 25. Rbc1 fxe4 26. fxe4 Bc5+ 27. Kh1
Bg4 28. Rf1 Bd4 29. Rf4 Bd7 30. Ne2 Rxc1+ 31. Nxc1 g5 0-1

[Event "14. Lichtenberger Sommer"]
[Site "14. Lichtenberger Sommer"]
[Date "2015.08.18"]
[Round "4.46"]
[White "Daverkausen, Bernd"]
[Black "Lieder, Günter"]
[Result "1/2-1/2"]
[WhiteElo "2137"]
[BlackElo "1849"]
[PlyCount "101"]
[EventDate "2015.??.??"]
[WhiteTeam "SC Zugzwang 95 (Berlin)"]
[BlackTeam "SK Turm Bad Hersfeld"]

1. c4 e5 2. Nc3 Nf6 3. Nf3 d6 4. d4 exd4 5. Nxd4 g6 6. g3 Bg7 7. Bg2 O-O 8. O-O
Nbd7 9. h3 a6 10. Be3 Re8 11. Qd2 Nf8 12. Rfd1 Rb8 13. Rac1 Bd7 14. Nb3 b6 15.
Nd4 Qc8 16. Kh2 Ne6 17. Nc6 Bxc6 18. Bxc6 Rf8 19. b4 Nd8 20. Bg2 Ne6 21. Qd3
Re8 22. Bc6 Rf8 23. Nd5 Nxd5 24. cxd5 Nd8 25. Ba4 b5 26. Bb3 Qd7 27. Qc2 Rc8
28. a4 f5 29. f4 Re8 30. Bd4 Bxd4 31. Rxd4 Qe7 32. e4 fxe4 33. Re1 e3 34. axb5
axb5 35. Qe2 Qd7 36. Rd3 Nf7 37. Rxe3 Rxe3 38. Qxe3 Kf8 39. Bd1 Ra8 40. Bg4 Qd8
41. Qe2 h5 42. Be6 Qf6 43. h4 Nh6 44. Qxb5 Qc3 45. Re2 Ra3 46. Rg2 Ra1 47. Qd7
Qc1 48. Qd8+ Kg7 49. Qe7+ Kh8 50. Qf8+ Kh7 51. Qe7+ 1/2-1/2

[Event "14. Lichtenberger Sommer"]
[Site "14. Lichtenberger Sommer"]
[Date "2015.08.18"]
[Round "4.47"]
[White "Zschäbitz, Klaus"]
[Black "Olaizola, Miguel"]
[Result "1-0"]
[WhiteElo "2061"]
[BlackElo "1804"]
[PlyCount "67"]
[EventDate "2015.??.??"]
[WhiteTeam "Berliner SchGes Eckbauer"]
[BlackTeam "SK Zehlendorf"]

1. Nf3 d5 2. g3 Nf6 3. Bg2 Nc6 4. d4 g6 5. O-O Bg7 6. c4 e6 7. Nc3 O-O 8. Ne5
Ne4 9. Nxc6 Nxc3 10. Nxd8 Nxd1 11. Nxe6 fxe6 12. Rxd1 c6 13. Bf4 Bd7 14. Rac1
Rf7 15. Bd6 Rd8 16. f4 Bc8 17. c5 b6 18. Bh3 bxc5 19. Bxc5 Rb7 20. Rd2 Kf7 21.
e3 Rc7 22. Bf1 Bf8 23. Rdc2 Bxc5 24. Rxc5 Bb7 25. Ra5 Ra8 26. Rc3 Ke7 27. Rca3
Bc8 28. b4 Bd7 29. Rc3 Rb7 30. a3 Rb6 31. Bd3 Kd6 32. Rac5 Rg8 33. Kf2 h6 34.
Ra5 1-0

[Event "14. Lichtenberger Sommer"]
[Site "14. Lichtenberger Sommer"]
[Date "2015.08.18"]
[Round "4.48"]
[White "Badestein, Hartmut"]
[Black "Wallmann, Bodo"]
[Result "1/2-1/2"]
[WhiteElo "2055"]
[BlackElo "1834"]
[PlyCount "59"]
[EventDate "2015.??.??"]
[WhiteTeam "SC Friesen Lichtenberg"]
[BlackTeam "SC Kreuzberg"]

1. Nf3 d5 2. d4 Nf6 3. Bf4 e6 4. e3 Bd6 5. Bg3 Bxg3 6. hxg3 O-O 7. Nbd2 Nbd7 8.
Bd3 Re8 9. Ne5 Nf8 10. g4 g6 11. Qf3 Qe7 12. O-O-O N6d7 13. Nxd7 Bxd7 14. e4
dxe4 15. Nxe4 f5 16. gxf5 exf5 17. Nc3 b5 18. Kb1 c5 19. dxc5 Qxc5 20. Qd5+
Qxd5 21. Nxd5 Re5 22. Nf6+ Kg7 23. Nxd7 Nxd7 24. Bxb5 Nf6 25. Bd3 Rae8 26. a4
R8e7 27. Kc1 Ng4 28. Rhf1 Nh2 29. Rh1 Ng4 30. Rhf1 1/2-1/2

[Event "14. Lichtenberger Sommer"]
[Site "14. Lichtenberger Sommer"]
[Date "2015.08.18"]
[Round "4.49"]
[White "Lischeid, Kilian"]
[Black "Püschel, Werner"]
[Result "0-1"]
[WhiteElo "1652"]
[BlackElo "2049"]
[PlyCount "78"]
[EventDate "2015.??.??"]
[WhiteTeam "Schachunion Berlin"]
[BlackTeam "Lasker Steglitz-Wilmersdorf"]

1. c4 Nf6 2. d4 c5 3. d5 e6 4. Nc3 exd5 5. Nxd5 Nxd5 6. cxd5 d6 7. g3 b5 8. Bd2
Be7 9. e4 a5 10. Bg2 Bf6 11. Rb1 O-O 12. f4 Re8 13. Ne2 Bg4 14. h3 Bxe2 15.
Qxe2 Ra7 16. O-O Rae7 17. Rfe1 Nd7 18. Kf1 Nb6 19. Qd3 Bd4 20. Bc3 Bxc3 21.
Qxc3 f6 22. Bf3 Na4 23. Qd2 c4 24. Bh5 g6 25. Bg4 Nc5 26. Qd4 Rxe4 27. Qc3 f5
28. Bf3 Rxe1+ 29. Rxe1 Rxe1+ 30. Qxe1 Kf7 31. Qc3 Qf6 32. Ke2 Qxc3 33. bxc3 Kf6
34. h4 h5 35. Ke3 Ke7 36. a3 Kd8 37. Kd4 Kc7 38. Ke3 Kb6 39. Bd1 Ne4 0-1

[Event "14. Lichtenberger Sommer"]
[Site "14. Lichtenberger Sommer"]
[Date "2015.08.18"]
[Round "4.50"]
[White "Radjenovic, Branko"]
[Black "Sabrowski, Uwe"]
[Result "0-1"]
[WhiteElo "1813"]
[BlackElo "2082"]
[PlyCount "82"]
[EventDate "2015.??.??"]
[WhiteTeam "SK Dragojle Babic (Berlin)"]
[BlackTeam "SC Friesen Lichtenberg"]

1. Nf3 d5 2. d4 e6 3. e3 c5 4. c4 Nc6 5. cxd5 exd5 6. Be2 Nf6 7. O-O Bd6 8. Nc3
a6 9. b3 O-O 10. Bb2 Bg4 11. dxc5 Bxc5 12. Na4 Bd6 13. Nd4 Bd7 14. Nf3 Bf5 15.
Rc1 Be4 16. h3 Qe7 17. Nb6 Rad8 18. Nd4 Ne5 19. Nf3 Nxf3+ 20. Bxf3 Bb8 21. Bd4
Rfe8 22. Qe2 Qd6 23. g3 Ba7 24. Bc5 Qe6 25. Na4 Bxc5 26. Nxc5 Qxh3 27. Nxe4
Nxe4 28. Bg4 Qh6 29. Kg2 Qf6 30. Qd3 h6 31. Rc7 b5 32. Bf3 Qe6 33. Rfc1 Ng5 34.
g4 Rd6 35. Qf5 Qxf5 36. gxf5 Nxf3 37. Kxf3 Rf6 38. Kf4 Re4+ 39. Kg3 Rxf5 40.
Rd7 h5 41. Rh1 Rg4+ 0-1

[Event "14. Lichtenberger Sommer"]
[Site "14. Lichtenberger Sommer"]
[Date "2015.08.18"]
[Round "4.51"]
[White "Giemsa, Stephan"]
[Black "Bergmann, Jens"]
[Result "1-0"]
[WhiteElo "2336"]
[BlackElo "1907"]
[PlyCount "87"]
[EventDate "2015.??.??"]
[WhiteTeam "SK König Tegel"]
[BlackTeam "SK Tempelhof 1931"]

1. d4 d5 2. c4 c6 3. Nf3 Nf6 4. e3 e6 5. b3 Nbd7 6. Bd3 Bb4+ 7. Nbd2 e5 8. dxe5
Bc3 9. Rb1 Nxe5 10. Nxe5 Bxe5 11. O-O Qe7 12. h3 O-O 13. Nf3 Bc7 14. Qc2 h6 15.
Bb2 Be6 16. Nd4 Qd6 17. f4 Bb6 18. Rbd1 Bd7 19. Kh1 Rfe8 20. Rfe1 Re4 21. Nb5
cxb5 22. Bxe4 Nxe4 23. Qxe4 Qb4 24. Qe5 Qf8 25. cxd5 Re8 26. Qc3 Bf5 27. d6 f6
28. Ba3 Qf7 29. Bc5 b4 30. Qxb4 Qh5 31. Kh2 Bxh3 32. gxh3 Bxc5 33. Qc4+ Kh8 34.
d7 Rd8 35. Qd5 Qh4 36. Qf3 f5 37. Re2 g5 38. fxg5 hxg5 39. Qxf5 Bb6 40. Qf6+
Kh7 41. Qf5+ Kg7 42. Qe5+ Kh7 43. Rf1 Qh5 44. Ref2 1-0

[Event "14. Lichtenberger Sommer"]
[Site "14. Lichtenberger Sommer"]
[Date "2015.08.18"]
[Round "4.52"]
[White "Nötzel, Felix"]
[Black "Rollwitz, Jürgen"]
[Result "1-0"]
[WhiteElo "2103"]
[BlackElo "1950"]
[PlyCount "57"]
[EventDate "2015.??.??"]
[WhiteTeam "SF 1903 Berlin"]
[BlackTeam "SC Rochade (Berlin)"]

1. e4 d6 2. d4 e5 3. Nf3 exd4 4. Nxd4 Nf6 5. Nc3 Be7 6. f3 Nc6 7. Be3 a6 8. Qd2
Nxd4 9. Bxd4 Be6 10. O-O-O O-O 11. g4 b5 12. Kb1 b4 13. Ne2 Ne8 14. Nf4 c5 15.
Be3 Nc7 16. Nxe6 Nxe6 17. Bc4 Qb6 18. f4 Nc7 19. g5 Nb5 20. Ka1 a5 21. Qe2 Nc7
22. Qh5 d5 23. exd5 Rad8 24. f5 Kh8 25. d6 Rxd6 26. Bxf7 h6 27. Rxd6 Qxd6 28.
gxh6 g6 29. fxg6 1-0

[Event "14. Lichtenberger Sommer"]
[Site "14. Lichtenberger Sommer"]
[Date "2015.08.18"]
[Round "4.53"]
[White "Osipenko, Pavel"]
[Black "Boeck, Rüdiger"]
[Result "1/2-1/2"]
[WhiteElo "2042"]
[BlackElo "1815"]
[PlyCount "64"]
[EventDate "2015.??.??"]
[WhiteTeam "Oryol"]
[BlackTeam "SC Weiße Dame Ulm"]

1. e4 e5 2. Nf3 Nc6 3. Bb5 a6 4. Ba4 Nf6 5. O-O b5 6. Bb3 d6 7. d4 Bg4 8. c3
exd4 9. cxd4 Bxf3 10. gxf3 Be7 11. Nc3 Na5 12. Bc2 O-O 13. Kh1 c5 14. Rg1 g6
15. Ne2 Nh5 16. Nc3 cxd4 17. Qxd4 Bf6 18. Qd1 Be5 19. Nd5 Nc4 20. f4 Bg7 21.
Rb1 Qh4 22. Rg2 Rac8 23. Bd3 Na5 24. Be2 Nf6 25. Nxf6+ Qxf6 26. Bd2 Nc4 27. Bc3
Qe7 28. Bxg7 Kxg7 29. Qd4+ Qf6 30. Qxf6+ Kxf6 31. Bd3 Rfe8 32. f3 Rc5 1/2-1/2

[Event "14. Lichtenberger Sommer"]
[Site "14. Lichtenberger Sommer"]
[Date "2015.08.18"]
[Round "4.54"]
[White "Farnault, Eric"]
[Black "Kohlmeyer, Dagobert"]
[Result "1-0"]
[WhiteElo "2032"]
[BlackElo "1867"]
[PlyCount "119"]
[EventDate "2015.??.??"]
[WhiteTeam "La Diagonale - Eybens"]
[BlackTeam "SC Rochade (Berlin)"]

1. e4 e6 2. d4 d5 3. Nd2 c5 4. Ngf3 Nc6 5. c3 cxd4 6. Nxd4 Nxd4 7. cxd4 dxe4 8.
Nxe4 Nf6 9. Nxf6+ gxf6 10. Be2 Bb4+ 11. Bd2 Qa5 12. a3 Bxd2+ 13. Qxd2 Qxd2+ 14.
Kxd2 O-O 15. Bf3 Rd8 16. Ke3 Bd7 17. Rac1 Rab8 18. b4 b6 19. Rc7 a5 20. Rhc1
axb4 21. axb4 Kg7 22. Ra7 Be8 23. Rcc7 Kg6 24. h4 Rd6 25. Ra8 Rxa8 26. Bxa8 e5
27. d5 Ba4 28. Ke4 Rd8 29. Bc6 Bc2+ 30. Ke3 Bb3 31. Rb7 Bxd5 32. Bxd5 Rxd5 33.
Rxb6 Rd4 34. g3 Rc4 35. b5 Rb4 36. Rb8 Kf5 37. b6 Rb3+ 38. Kd2 Ke4 39. Kc2 Rb5
40. Kc3 Kf3 41. Kc4 Rb1 42. Kc5 Kxf2 43. g4 Kf3 44. b7 e4 45. Kc6 Kxg4 46. Rg8+
Kxh4 47. b8=Q Rxb8 48. Rxb8 Kg4 49. Kd5 f5 50. Rf8 e3 51. Kd4 f4 52. Kd3 f5 53.
Ke2 h5 54. Rg8+ Kh3 55. Kf3 h4 56. Rh8 e2 57. Kxe2 Kg3 58. Rg8+ Kh2 59. Kf3 h3
60. Rh8 1-0

[Event "14. Lichtenberger Sommer"]
[Site "14. Lichtenberger Sommer"]
[Date "2015.08.18"]
[Round "4.55"]
[White "Albrecht, Rainer"]
[Black "Kautz, Stefan"]
[Result "1/2-1/2"]
[WhiteElo "2072"]
[BlackElo "1919"]
[PlyCount "82"]
[EventDate "2015.??.??"]
[WhiteTeam "SC Kreuzberg"]
[BlackTeam "SC Empor Maulwurf Bonn"]

1. d4 d5 2. c4 e6 3. Nc3 c6 4. e3 Nf6 5. Nf3 Be7 6. Qc2 O-O 7. Bd2 Nbd7 8. Bd3
Bd6 9. e4 dxe4 10. Nxe4 Nxe4 11. Bxe4 h6 12. Bc3 e5 13. dxe5 Nxe5 14. Nxe5 Re8
15. Nxf7 Kxf7 16. O-O-O Qg5+ 17. Bd2 Bf4 18. Rhe1 Be6 19. g3 Bxd2+ 20. Rxd2 Bf5
21. f4 Qg6 22. Rde2 Bxe4 23. Rxe4 Rxe4 24. Qxe4 Qxe4 25. Rxe4 Rd8 26. Kc2 Rd7
27. g4 Kf6 28. b4 a6 29. a4 h5 30. h3 hxg4 31. hxg4 g6 32. Kc3 Rd1 33. f5 gxf5
34. gxf5 Rd7 35. c5 Kxf5 36. Re8 Rh7 37. b5 a5 38. bxc6 bxc6 39. Ra8 Rh3+ 40.
Kb2 Ke5 41. Rxa5 Kd5 1/2-1/2

[Event "14. Lichtenberger Sommer"]
[Site "14. Lichtenberger Sommer"]
[Date "2015.08.18"]
[Round "4.56"]
[White "Feyer, Leon"]
[Black "Kapr, Klaus"]
[Result "0-1"]
[WhiteElo "1783"]
[BlackElo "2035"]
[PlyCount "67"]
[EventDate "2015.??.??"]
[WhiteTeam "SV Empor Berlin"]
[BlackTeam "SC Friesen Lichtenberg"]

1. f4 d5 2. Nf3 Nf6 3. e3 e6 4. b3 Be7 5. Bb2 O-O 6. Be2 c5 7. O-O b6 8. Ne5
Bb7 9. d3 Nbd7 10. Nd2 Rc8 11. Ndf3 b5 12. c4 a6 13. Qd2 Qc7 14. Rfd1 Rfd8 15.
Qe1 Nxe5 16. Nxe5 Bd6 17. Qg3 Qe7 18. h4 Ne8 19. Bh5 Bxe5 20. Bxe5 d4 21. f5
exf5 22. exd4 f6 23. Bf4 Rxd4 24. Re1 Qd7 25. Re3 g6 26. Bxg6 Ng7 27. Rae1 hxg6
28. Re7 Qc6 29. R1e2 Re8 30. Rxe8+ Nxe8 31. Qxg6+ Ng7 32. Bh6 Rg4 33. Bg5 Rxg2+
34. Kf1 0-1

[Event "14. Lichtenberger Sommer"]
[Site "14. Lichtenberger Sommer"]
[Date "2015.08.18"]
[Round "4.57"]
[White "Hörmann, David"]
[Black "Rehmsmeier, Marc"]
[Result "1-0"]
[WhiteElo "2055"]
[BlackElo "1649"]
[PlyCount "71"]
[EventDate "2015.??.??"]
[WhiteTeam "SC Weisse Dame (Berlin)"]
[BlackTeam "vereinslos"]

1. e4 e5 2. Nf3 Nc6 3. Bc4 Nf6 4. d3 Bc5 5. c3 O-O 6. Bg5 h6 7. Bh4 Be7 8. Bb3
d6 9. Nbd2 Be6 10. h3 d5 11. Bc2 Nh7 12. Bg3 Bf6 13. Qe2 Qe7 14. O-O Rfd8 15.
Rfe1 Re8 16. Ba4 Nf8 17. Nf1 Ng6 18. N1d2 a6 19. Bc2 b5 20. exd5 Bxd5 21. a4
Na5 22. Ne4 c5 23. Qe3 Nb3 24. Bxb3 Bxb3 25. axb5 axb5 26. Nxc5 Bd5 27. b4 Ra2
28. Rxa2 Bxa2 29. Ra1 Ra8 30. Qe4 Ra3 31. Qe2 Nf4 32. Qb2 Qa7 33. Ne1 Ne6 34.
Nc2 Rxc3 35. Rxa2 Rxc2 36. Qxc2 1-0

[Event "14. Lichtenberger Sommer"]
[Site "14. Lichtenberger Sommer"]
[Date "2015.08.18"]
[Round "4.58"]
[White "Wolff, Marie Antoinette"]
[Black "Heerde, Thomas"]
[Result "0-1"]
[WhiteElo "1643"]
[BlackElo "1967"]
[PlyCount "112"]
[EventDate "2015.??.??"]
[WhiteTeam "Leegebrucher SF"]
[BlackTeam "SC Weisse Dame (Berlin)"]

1. c4 f5 2. Nc3 Nf6 3. Nf3 d6 4. d4 g6 5. g3 Bg7 6. Bg2 O-O 7. Be3 Ng4 8. Bf4
e5 9. dxe5 dxe5 10. Bg5 Qxd1+ 11. Rxd1 Nc6 12. Nb5 e4 13. Nxc7 Rb8 14. Nd2 Bxb2
15. O-O h6 16. Bf4 g5 17. Bd6 Rd8 18. Nb5 a6 19. Bxb8 axb5 20. Bc7 Rd7 21. cxb5
Nd4 22. Nc4 Bc3 23. b6 Nxe2+ 24. Kh1 Rxd1 25. h3 Nxf2+ 26. Kh2 Rxf1 27. Bxf1
Nd4 28. Nd6 Be6 29. Nxb7 Bd5 30. Nd6 Ba5 31. Bc4 Bxc4 32. Nxc4 Nc6 33. Kg2 Nd3
34. Kf1 Kf7 35. Nd6+ Ke6 36. Nb5 Ndb4 37. b7 Bxc7 38. Nxc7+ Kd7 39. Nb5 Na6 40.
Ke2 Ke6 41. Ke3 Ke5 42. a3 h5 43. Nc3 Na5 44. a4 Nxb7 45. Ne2 Nac5 46. Nc3 Na5
47. Ke2 f4 48. gxf4+ gxf4 49. h4 Nab3 50. Kf2 Nd4 51. a5 e3+ 52. Kf1 f3 53. Ke1
f2+ 54. Kf1 Ne4 55. Nxe4 Kxe4 56. a6 Kf3 0-1

[Event "14. Lichtenberger Sommer"]
[Site "14. Lichtenberger Sommer"]
[Date "2015.08.18"]
[Round "4.59"]
[White "Woinowski, Michael"]
[Black "Brasoy, Aksel"]
[Result "1/2-1/2"]
[WhiteElo "1748"]
[BlackElo "1959"]
[PlyCount "106"]
[EventDate "2015.??.??"]
[WhiteTeam "SC Kreuzberg"]
[BlackTeam "Alta sjakklubb"]

1. e4 c5 2. Nc3 e6 3. g3 d5 4. d3 dxe4 5. dxe4 Qxd1+ 6. Nxd1 Nc6 7. Bg2 Nf6 8.
Ne2 Be7 9. O-O O-O 10. Ndc3 Nb4 11. b3 Nxc2 12. Rb1 Rd8 13. Bb2 e5 14. Nd5 Nxd5
15. exd5 Bd6 16. Nc3 f6 17. Ne4 b6 18. Nxd6 Rxd6 19. Rbc1 Nb4 20. Ba3 a5 21.
Bxb4 axb4 22. Rc2 Ba6 23. Re1 Kf7 24. f4 exf4 25. gxf4 Re8 26. Rcc1 Bd3 27.
Rcd1 Rxe1+ 28. Rxe1 b5 29. Kf2 c4 30. Ke3 Bc2 31. Kd4 cxb3 32. axb3 Bxb3 33.
Kc5 Rd8 34. Kc6 Bc2 35. d6 Bf5 36. Bd5+ Kg6 37. Be6 Bc2 38. Kc7 Ra8 39. f5+ Kh6
40. Re3 b3 41. Bxb3 Bxf5 42. Be6 Bxe6 43. Rxe6 Kg6 44. Re7 h5 45. h4 Kf5 46. d7
g5 47. d8=Q Rxd8 48. Kxd8 Kf4 49. Rh7 gxh4 50. Rxh5 Kg3 51. Rxb5 h3 52. Rb3+
Kg4 53. Rb4+ Kg3 1/2-1/2